| 000 | 00942cam a2200217 4500 | ||
|---|---|---|---|
| 001 | WB4005-03 | ||
| 008 | 040204n2004 000 0 eng u | ||
| 035 | _a(Sirsi) u125014 | ||
| 245 | _aShort leases to out perform in 2004 | ||
| 260 | _c2004 | ||
| 490 |
_aEstates Gazette _v(0405) 31 January 2004, 42(1) |
||
| 520 | _aInvestment bank Citigroup says that short office leases will be sounder investments than long-leased bond-style buildings this year. An upturn in leasing markets especially in London's West End will result in the under-pricing of 8-10 year leases, whilst 10-15 years plus leases have become more expensive. Purchasing power will swing in favour of equity-backed investors, rather than debt-backed buyers. | ||
| 590 | _aWB | ||
| 590 | _aWB | ||
| 650 | _aWEST END OF LONDON | ||
| 650 | _aLEASES | ||
| 650 | _aOFFICE LEASES | ||
| 650 |
_aInvestments _96250 |
||
| 690 | _aCOMMERCIAL PROPERTY MARKET | ||
| 942 | _n0 | ||
| 999 |
_c116989 _d116989 |
||